Kings of France by Nickname - Statistics

General Stats
  • This quiz has been taken 28 times
  • The average score is 26 of 35
Answer Stats
Nickname King % Correct
the Saint Louis IX
96%
the Bald Charles II
92%
the Fat Charles (III)
88%
the Simple Charles III
88%
the Sun King Louis XIV
88%
the Desired Louis XVIII
85%
Augustus Philip II
85%
the Mad Charles VI
81%
Capet Hugh
81%
the Stammerer Louis II
81%
from Overseas Louis IV
81%
the Do-Nothing Louis V
81%
Louis VI
81%
the Lion Louis VIII
81%
the Citizen King Louis Philippe I
77%
the Prudent Louis XI
77%
the Just Louis XIII
77%
the Beloved Louis XV
77%
the Victorious Charles VII
73%
the Affable Charles VIII
73%
the Great Henry IV
73%
the Quarreller Louis X
73%
Father of the People Louis XII
73%
the Fair Philip IV
73%
Charles IV
69%
the Good John II
69%
the Young Louis VII
69%
the Bold Philip III
69%
the Wise Charles V
65%
the Father of Letters Francis I
65%
the Amorous Philip I
65%
the Tall Philip V
65%
the Posthumous John I
62%
the Fortunate Philip VI
58%
the Pious Robert II
50%
No matching quizzes found
Score Distribution
Percent of People with Each Score
Percentile by Number Answered
Your Score History
You have not taken this quiz